000 00733nam a2200157 a 4500
001 000034872
005 20240301185227.0
008 111021s1946 mc 000 0 spa d
040 _aDO-SdBNP
_bspa
_cBNPHU
100 1 _aEngels, Friedrich,
_d1820-1895
_960306
245 1 0 _aLudwig Feuerbach y el fin de la filosofía clásica alemana /
_cFriedrich Engels.
260 _aMoscú :
_bEdiciones en lenguas extrangeras,
_c1946.
300 _a70 p. ;
_c21 cm.
505 0 _tLudwig Feuerbach y el fin de la filosofía clásica alemana /
_rF. Engels --
_tTesis sobre Feuerbach /
_rK. Marx --
_tFragmento del Feuerbach (1886) ; Materialismo y dialéctica de Marx F. Engels --
_tCarta a Ludwig Feuerbach (1844).deutschen Philosophie.
049 _aBNPD
999 _c34363
_d34363